[Event "8th Asian Continental/Individu"]
[Site "Subic Bay Free Port"]
[Date "2009.05.14"]
[Round "2.10"]
[White "Zhang, Xiaowen"]
[Black "Tay, Li-Jin Jeslin"]
[Result "1-0"]
[WhiteElo "2340"]
[BlackElo "2068"]
[PlyCount "175"]
[EventDate "2009.05.13"]

1. e4 c5 2. Nf3 d6 3. d4 cxd4 4. Nxd4 Nf6 5. Nc3 a6 6. a4 Nc6 7. Be2 e5 8. Nb3
Be7 9. O-O O-O 10. Bg5 Be6 11. Bxf6 Bxf6 12. Nd5 Rc8 13. Bg4 Bg5 14. a5 Ne7 15.
Bxe6 fxe6 16. Nb6 Rc6 17. Qg4 Ng6 18. Qxe6+ Kh8 19. c3 Rf6 20. Qd7 Qxd7 21.
Nxd7 Rf4 22. Rfe1 Bd8 23. Rad1 Bc7 24. Rd2 h6 25. g3 Rf7 26. Nb6 Ne7 27. Nd5
Nxd5 28. Rxd5 b6 29. Kg2 bxa5 30. Nxa5 Bxa5 31. Rxa5 Rb7 32. Re2 g5 33. h3 Kg7
34. Rd2 Rf7 35. Rad5 Rf6 36. Rd1 Rb6 37. R5d2 Kf7 38. Ra1 Ke6 39. b4 Rf7 40.
Ra3 Rc7 41. Kf3 h5 42. Ke2 Rbc6 43. Rd3 g4 44. hxg4 hxg4 45. f3 Rg7 46. Ra1
gxf3+ 47. Kxf3 Rgc7 48. Ra3 Rg7 49. Ke2 Rb7 50. Kd2 Rb5 51. Ra1 a5 52. Rxa5
Rxa5 53. bxa5 Rc4 54. Ke3 Rc5 55. Rd5 Rxc3+ 56. Rd3 Rc7 57. g4 Rc5 58. Ra3 Rc7
59. a6 Ra7 60. Kd3 Kd7 61. g5 Kc7 62. Kc4 Kb8 63. Kb5 Rg7 64. Rf3 Rxg5 65. Rf8+
Ka7 66. Rf7+ Ka8 67. Kb6 Rg8 68. Ra7+ Kb8 69. Rd7 Re8 70. Rxd6 Ka8 71. Kc5 Rh8
72. Re6 Ka7 73. Kd5 Rh5 74. Rxe5 Rh1 75. Re6 Rd1+ 76. Ke5 Rf1 77. Rd6 Rh1 78.
Kd5 Rd1+ 79. Ke6 Rh1 80. e5 Rh6+ 81. Kf7 Rh7+ 82. Kg6 Rh2 83. e6 Re2 84. Kf7
Rf2+ 85. Ke8 Rh2 86. e7 Rh8+ 87. Kd7 Rd8+ 88. Kxd8 1-0

[Event "8th Asian Continental/Individu"]
[Site "Subic Bay Free Port"]
[Date "2009.05.14"]
[Round "2.11"]
[White "Camacho, Chardine Cheradee"]
[Black "Gu, Xiaobing"]
[Result "0-1"]
[WhiteElo "2166"]
[BlackElo "2336"]
[PlyCount "128"]
[EventDate "2009.05.13"]

1. e4 c5 2. Nf3 d6 3. d4 cxd4 4. Nxd4 Nf6 5. Nc3 a6 6. g3 e5 7. Nde2 Nbd7 8.
Bg2 b5 9. O-O Bb7 10. a4 b4 11. Nd5 Nxd5 12. exd5 a5 13. h3 Be7 14. Re1 O-O 15.
g4 Bh4 16. Be3 Rc8 17. c3 Nb6 18. cxb4 Nc4 19. Qb3 axb4 20. Nc1 Qa5 21. Rd1 f5
22. gxf5 Rxf5 23. Nd3 Nxe3 24. fxe3 Qb6 25. Qxb4 Qxe3+ 26. Kh1 Qg3 27. Qg4 Rg5
28. Qxg3 Rxg3 29. a5 e4 30. Nf4 Ba6 31. Rdc1 Rxc1+ 32. Rxc1 e3 33. Bf1 g5 34.
Bxa6 gxf4 35. Bf1 Kf7 36. a6 f3 37. a7 Rg8 38. Rc3 Bf2 39. Ra3 Ra8 40. b4 Kg7
41. Ra2 e2 42. Bxe2 fxe2 43. Rxe2 Bxa7 44. Re7+ Kg6 45. Re6+ Kf5 46. Rxd6 Be3
47. Rd7 h5 48. Rf7+ Ke5 49. Kg2 h4 50. Kf3 Bg5 51. Rg7 Bf6 52. Rg4 Ra2 53. Re4+
Kxd5 54. Re2 Ra1 55. Kf2 Be5 56. Kf3 Rb1 57. Kg4 Rxb4+ 58. Kg5 Bg3 59. Kh5 Re4
60. Rb2 Kd4 61. Kg5 Ke3 62. Kf5 Rf4+ 63. Kg5 Kf3 64. Rc2 Ra4 0-1

[Event "8th Asian Continental/Individu"]
[Site "Subic Bay Free Port"]
[Date "2009.05.14"]
[Round "2.14"]
[White "Bernales, Christy Lamiel"]
[Black "Le, Thi Phuong Lien"]
[Result "1/2-1/2"]
[WhiteElo "2041"]
[BlackElo "2216"]
[PlyCount "189"]
[EventDate "2009.05.13"]

1. e4 c5 2. Nc3 e6 3. f4 a6 4. Nf3 b5 5. d3 Bb7 6. g3 d5 7. Qe2 b4 8. Nd1 dxe4
9. dxe4 Nf6 10. Nf2 Be7 11. Bg2 a5 12. c4 bxc3 13. bxc3 Nc6 14. Bb2 Ba6 15. c4
Nd4 16. Nxd4 cxd4 17. O-O Rc8 18. Rac1 O-O 19. Rfd1 Bc5 20. e5 Nd5 21. Bxd5
Qxd5 22. Qd3 Qc6 23. Qe4 Rfd8 24. Qxc6 Rxc6 25. Ne4 d3+ 26. Nxc5 Rxc5 27. Ba3
Rxc4 28. Rxc4 Bxc4 29. Bd6 h5 30. Rd2 Rc8 31. Kf2 Ba6 32. Ke3 Kh7 33. h3 Kg6
34. Kf3 Rc1 35. g4 h4 36. Be7 f6 37. Bd8 a4 38. Ke4 Re1+ 39. Kd4 Rh1 40. f5+
exf5 41. gxf5+ Kxf5 42. Rf2+ Ke6 43. exf6 gxf6 44. Rxf6+ Kd7 45. Ba5 Bc8 46.
Rf3 Kd6 47. Rxd3 Bxh3 48. Kc4+ Ke7 49. Bd8+ Ke8 50. Kb4 Be6 51. Bg5 Rg1 52.
Rd8+ Kf7 53. Bxh4 Rg4+ 54. Kc5 Rxh4 55. Rd4 Rh5+ 56. Kb4 Bxa2 57. Kxa4 Ke6 58.
Kb4 Rh3 59. Rd2 Bd5 60. Kc5 Rc3+ 61. Kd4 Rc4+ 62. Kd3 Kd6 63. Rh2 Rg4 64. Rh6+
Kc5 65. Rh8 Rg3+ 66. Ke2 Kd4 67. Rf8 Rg2+ 68. Rf2 Rg1 69. Rf4+ Be4 70. Rf8 Rg2+
71. Rf2 Rg3 72. Rf8 Rb3 73. Rd8+ Bd5 74. Kf2 Rf3+ 75. Ke2 Re3+ 76. Kf2 Re5 77.
Rb8 Rf5+ 78. Kg3 Ke3 79. Re8+ Be4 80. Kg4 Rf6 81. Re5 Rf1 82. Kg5 Rg1+ 83. Kf6
Kf4 84. Ra5 Rg6+ 85. Ke7 Bf5 86. Ra4+ Kg5 87. Ra1 Rb6 88. Rg1+ Bg4 89. Ra1 Re6+
90. Kf7 Rf6+ 91. Ke7 Kg6 92. Rg1 Re6+ 93. Kd8 Kf5 94. Kc7 Bf3 95. Rf1 1/2-1/2

[Event "8th Asian Continental/Individu"]
[Site "Subic Bay Free Port"]
[Date "2009.05.14"]
[Round "2.15"]
[White "Xu, Tong"]
[Black "Shamima, Akter Liza"]
[Result "1-0"]
[WhiteElo "2231"]
[BlackElo "2125"]
[PlyCount "125"]
[EventDate "2009.05.13"]

1. e4 c5 2. Nf3 Nc6 3. d3 g6 4. g3 Bg7 5. Bg2 e5 6. O-O Nge7 7. Be3 d6 8. c3
O-O 9. a3 h6 10. b4 b6 11. b5 Nb8 12. c4 a6 13. bxa6 Nbc6 14. Nc3 Rxa6 15. Qc1
Kh7 16. Nd2 Be6 17. Rb1 Qd7 18. Nd5 Qa7 19. Rb3 Ra8 20. Nb1 Bxd5 21. cxd5 Nd4
22. Bxd4 exd4 23. f4 Ng8 24. Re1 f6 25. Bh3 Ra4 26. Re2 Ne7 27. Be6 Ra5 28.
Reb2 Rb8 29. Rb5 Qa6 30. Qc4 Ra4 31. Qb3 f5 32. exf5 Nxf5 33. Bxf5 gxf5 34. Re2
Ra5 35. Rxa5 Qxa5 36. Re7 b5 37. Qd1 Qa8 38. Qh5 Qxd5 39. g4 Rb7 40. Rxb7 Qxb7
41. Qxf5+ Kh8 42. Nd2 Qc6 43. Qe6 c4 44. dxc4 d3 45. Qd5 Qxd5 46. cxd5 Bd4+ 47.
Kf1 Be3 48. Nb1 Bxf4 49. Nc3 Kg7 50. Nxb5 Kf6 51. a4 Ke5 52. Nc7 Bd2 53. Kf2
Ke4 54. h3 Bb4 55. h4 Kf4 56. g5 hxg5 57. Ne6+ Ke5 58. hxg5 Kxd5 59. Nf4+ Ke4
60. g6 Bc5+ 61. Ke1 Bd4 62. a5 Kxf4 63. a6 1-0

[Event "8th Asian Continental/Individu"]
[Site "Subic Bay Free Port"]
[Date "2009.05.14"]
[Round "2.16"]
[White "Xu, Huahua"]
[Black "Muminova, Nafisa"]
[Result "1/2-1/2"]
[WhiteElo "2093"]
[BlackElo "2212"]
[PlyCount "70"]
[EventDate "2009.05.13"]

1. e4 e6 2. d4 d5 3. Nc3 Nf6 4. Bg5 Bb4 5. e5 h6 6. Bd2 Bxc3 7. bxc3 Ne4 8. Qg4
g6 9. Bd3 Nxd2 10. Kxd2 c5 11. h4 c4 12. Be2 Bd7 13. h5 g5 14. f4 f5 15. exf6
e5 16. Qf3 e4 17. Qg3 Qc7 18. Rf1 Nc6 19. f7+ Kf8 20. Qe3 g4 21. f5 g3 22. Rh3
Ne7 23. Bg4 Kxf7 24. Rxg3 Rag8 25. Ne2 Rg5 26. Bh3 Rhg8 27. Rxg5 Rxg5 28. g4
Ng8 29. Nf4 Nf6 30. Ng6 Qh2+ 31. Rf2 Qd6 32. Ne5+ Kg7 33. Rf1 Be8 34. Qf4 Bd7
35. Qe3 Be8 1/2-1/2

[Event "8th Asian Continental/Individu"]
[Site "Subic Bay Free Port"]
[Date "2009.05.14"]
[Round "2.17"]
[White "Dang, Bich Ngoc"]
[Black "Mendoza, Beverly"]
[Result "1-0"]
[WhiteElo "2185"]
[BlackElo "2045"]
[PlyCount "87"]
[EventDate "2009.05.13"]

1. c4 e5 2. Nc3 Nc6 3. Nf3 f5 4. d4 e4 5. Ng5 Bb4 6. Nh3 Qf6 7. e3 Bxc3+ 8.
bxc3 Nge7 9. c5 O-O 10. Nf4 Na5 11. Be2 b6 12. Qa4 Kh8 13. Ba3 Rd8 14. Rc1 Bb7
15. c4 Ng6 16. Nh5 Qf7 17. g3 d5 18. cxd6 cxd6 19. O-O Rac8 20. Rc2 Ba6 21.
Rfc1 d5 22. cxd5 Rxc2 23. Qxc2 Bxe2 24. Qxe2 Qxd5 25. Rc7 Rg8 26. h3 a6 27.
Qxa6 Qxa2 28. Bd6 Qb1+ 29. Qf1 Qb3 30. Qc1 Qe6 31. Bb4 f4 32. Nxf4 Nxf4 33.
exf4 Qxh3 34. d5 Nb3 35. Qb2 e3 36. Qxb3 exf2+ 37. Kxf2 Qh2+ 38. Kf3 Qh1+ 39.
Kf2 Qh2+ 40. Kf3 Qh1+ 41. Kg4 Rd8 42. d6 Rf8 43. Bc3 h5+ 44. Kg5 1-0

[Event "8th Asian Continental/Individu"]
[Site "Subic Bay Free Port"]
[Date "2009.05.14"]
[Round "2.18"]
[White "Jose, Rulp Ylem"]
[Black "Perena, Catherine"]
[Result "1/2-1/2"]
[WhiteElo "2054"]
[BlackElo "2184"]
[PlyCount "96"]
[EventDate "2009.05.13"]

1. e4 e5 2. Bc4 Nf6 3. d3 Nc6 4. f4 exf4 5. Nf3 d5 6. exd5 Nxd5 7. Bxd5 Qxd5 8.
Nc3 Bb4 9. O-O Bxc3 10. bxc3 O-O 11. Bxf4 Qc5+ 12. Kh1 Qxc3 13. Ng5 f6 14. Ne4
Qa5 15. Bd2 Qd5 16. Qf3 Be6 17. c4 Qd8 18. Nc5 Bxc4 19. dxc4 Qxd2 20. Rfd1 Qc2
21. Qd5+ Kh8 22. Nxb7 Ne5 23. c5 c6 24. Qd6 h6 25. Qd4 Rab8 26. Rd2 Qc4 27. Rb1
Qxd4 28. Rxd4 Rf7 29. Rdb4 Rd7 30. h3 Nd3 31. R4b3 Rd5 32. Kh2 Re8 33. Ra3 Re2
34. Rd1 Nf4 35. Rxd5 Nxd5 36. Nd8 Rc2 37. Nxc6 Rxc5 38. Nxa7 Rc2 39. Nb5 Nb4
40. Ra8+ Kh7 41. a4 h5 42. a5 Ra2 43. Nc7 Rc2 44. Ne6 Rc6 45. Nd8 Rd6 46. Nb7
Re6 47. Nc5 Rc6 48. Nd7 Rd6 1/2-1/2

[Event "8th Asian Continental/Individu"]
[Site "Subic Bay Free Port"]
[Date "2009.05.14"]
[Round "2.19"]
[White "Lkhamsuren, Uuganbayar"]
[Black "Bui, Kim Le"]
[Result "1/2-1/2"]
[WhiteElo "2038"]
[BlackElo "2165"]
[PlyCount "94"]
[EventDate "2009.05.13"]

1. e4 c5 2. Nf3 d6 3. d4 cxd4 4. Nxd4 Nf6 5. Nc3 a6 6. Be2 e6 7. O-O Be7 8. Be3
O-O 9. f4 Qc7 10. a4 Nbd7 11. Qe1 b6 12. Bf3 Bb7 13. Qg3 Rfe8 14. Rad1 Nc5 15.
e5 Nfe4 16. Bxe4 Nxe4 17. Nxe4 Bxe4 18. f5 exf5 19. Nxf5 Bxf5 20. Rxf5 dxe5 21.
Rxe5 Qxc2 22. Red5 Qxa4 23. Bxb6 Bf6 24. b3 Qe4 25. Rd7 Bh4 26. Qd3 h6 27. Bf2
Bxf2+ 28. Kxf2 Qh4+ 29. Qg3 Qxg3+ 30. hxg3 Rab8 31. R1d3 Re6 32. Rf3 Rf8 33.
Ra7 f5 34. Rc3 Kh7 35. Rcc7 Rg6 36. Rc5 Rb8 37. Rc3 Rb4 38. Rf3 Rb5 39. Rf7
Rgb6 40. R7xf5 Rb4 41. Ra5 Rxb3 42. Rxb3 Rxb3 43. Rxa6 Rb2+ 44. Kg1 Rb3 45. Kh2
Rc3 46. Rb6 Ra3 47. Rc6 Rb3 1/2-1/2

[Event "8th Asian Continental/Individu"]
[Site "Subic Bay Free Port"]
[Date "2009.05.14"]
[Round "2.21"]
[White "Khademalsharieh, Sarasadat"]
[Black "Sun, Fanghui"]
[Result "1/2-1/2"]
[WhiteElo "1806"]
[BlackElo "2146"]
[PlyCount "55"]
[EventDate "2009.05.13"]

1. d4 Nf6 2. Nf3 c5 3. d5 e6 4. c4 exd5 5. cxd5 d6 6. Nc3 g6 7. e4 Bg7 8. Be2
O-O 9. O-O Na6 10. h3 Nc7 11. Re1 Rb8 12. a4 a6 13. a5 b5 14. axb6 Rxb6 15. Nd2
Nb5 16. Na4 Rb7 17. Bd3 Re7 18. Nc4 Rfe8 19. Bg5 h6 20. Bxf6 Bxf6 21. Qd2 Bg7
22. Na5 Bd7 23. Nc3 Qc7 24. Nc4 Bc8 25. Na5 Bd7 26. Nc4 Bc8 27. Na5 Bd7 28. Nc4
1/2-1/2

[Event "8th Asian Continental/Individu"]
[Site "Subic Bay Free Port"]
[Date "2009.05.14"]
[Round "2.22"]
[White "Cua, Sherily"]
[Black "Docena, Jedara"]
[Result "1-0"]
[WhiteElo "2143"]
[BlackElo "1999"]
[PlyCount "123"]
[EventDate "2009.05.13"]

1. d4 d6 2. Nf3 Bg4 3. c4 g6 4. Nfd2 Bg7 5. f3 Bd7 6. Nb3 e5 7. e4 Nc6 8. d5
Nce7 9. Nc3 b6 10. Be3 f5 11. Be2 Nf6 12. h3 O-O 13. Qd2 a5 14. O-O-O f4 15.
Bf2 Nh5 16. Kb1 Nc8 17. Bd3 Bf6 18. Qe1 Na7 19. Rc1 Bg5 20. Rc2 Bc8 21. Nc1 Ba6
22. N3e2 Rf7 23. Rf1 Nc8 24. Qd2 Bh4 25. Bg1 Bg5 26. Rd1 Qd7 27. Nc3 Bd8 28.
Bf2 Na7 29. N3e2 Nc8 30. a3 Na7 31. Qc3 Bf6 32. Rdd2 Ng7 33. b4 axb4 34. axb4
Qc8 35. Ra2 Ne8 36. Ra3 b5 37. c5 c6 38. Rda2 cxd5 39. Rxa6 d4 40. Qa1 Qb7 41.
Nb3 d5 42. c6 Qe7 43. Nc5 Nd6 44. Nd7 dxe4 45. fxe4 Ndc8 46. Rxa7 Rxa7 47. Rxa7
Qxb4+ 48. Kc2 Nxa7 49. Qxa7 f3 50. gxf3 Bg5 51. Qb8+ Kg7 52. Qxe5+ Kh6 53. f4
Qa4+ 54. Kd2 Qa5+ 55. Kd1 Qa1+ 56. Nc1 Bxf4 57. Qc5 Qb2 58. Qc2 Qb4 59. Be1 Qd6
60. Bxb5 Re7 61. Ne2 Bh2 62. Qd2+ 1-0

[Event "8th Asian Continental/Individu"]
[Site "Subic Bay Free Port"]
[Date "2009.05.15"]
[Round "3.1"]
[White "Zhang, Jilin"]
[Black "Ju, Wenjun"]
[Result "0-1"]
[WhiteElo "2335"]
[BlackElo "2454"]
[PlyCount "70"]
[EventDate "2009.05.13"]

1. e4 c5 2. Nf3 d6 3. d4 cxd4 4. Nxd4 Nf6 5. Nc3 a6 6. Be2 e5 7. Nb3 Be7 8. O-O
O-O 9. Be3 Be6 10. Nd5 Nbd7 11. Qd3 Bxd5 12. exd5 Nc5 13. Qd2 a5 14. Rfd1 Nfe4
15. Qe1 Nxb3 16. axb3 f5 17. Bd3 Ng5 18. h4 f4 19. Bd2 Nf7 20. g3 Bxh4 21. gxh4
Qxh4 22. f3 Qh5 23. Qe2 Ng5 24. Qg2 Rf6 25. Kf2 Qh4+ 26. Kf1 e4 27. fxe4 Rg6
28. Be1 Qh5 29. Rd2 Nf3 30. Qf2 Qh3+ 31. Ke2 Rg2 32. Kd1 Rxf2 33. Rxf2 Nxe1 34.
Kxe1 g5 35. Rd1 g4 0-1

[Event "8th Asian Continental/Individu"]
[Site "Subic Bay Free Port"]
[Date "2009.05.15"]
[Round "3.2"]
[White "Munguntuul, Batkhuyag"]
[Black "Hoang, Thi Bao Tram"]
[Result "1-0"]
[WhiteElo "2440"]
[BlackElo "2239"]
[PlyCount "67"]
[EventDate "2009.05.13"]

1. e4 e5 2. Nf3 Nf6 3. Nxe5 d6 4. Nf3 Nxe4 5. Nc3 Nf6 6. d4 Be7 7. Bg5 Bf5 8.
Bd3 Bxd3 9. Qxd3 O-O 10. O-O-O Nc6 11. h4 Nb4 12. Qb5 a5 13. Bxf6 Bxf6 14. g4
Qe8 15. Kb1 c6 16. Qf1 Qe6 17. g5 Bd8 18. d5 Qg6 19. Nd4 c5 20. h5 Qxg5 21. f4
Qg4 22. Ndb5 Be7 23. a3 Na6 24. f5 h6 25. Rg1 Qh4 26. Qf3 Bg5 27. Rg4 Qxh5 28.
Rh1 Qxh1+ 29. Qxh1 Rfe8 30. Ne4 f6 31. Nbxd6 Re7 32. Nxg5 hxg5 33. Rg3 Rd8 34.
Rh3 1-0

[Event "8th Asian Continental/Individu"]
[Site "Subic Bay Free Port"]
[Date "2009.05.15"]
[Round "3.3"]
[White "Swathi, Ghate"]
[Black "Tania, Sachdev"]
[Result "1-0"]
[WhiteElo "2330"]
[BlackElo "2423"]
[PlyCount "87"]
[EventDate "2009.05.13"]

1. e4 e6 2. d4 d5 3. Nc3 Bb4 4. e5 c5 5. a3 Bxc3+ 6. bxc3 Qa5 7. Bd2 Qa4 8. Qb1
c4 9. g3 Nc6 10. h4 Bd7 11. h5 h6 12. Bh3 Nge7 13. Ne2 O-O-O 14. Nf4 b6 15. O-O
Rde8 16. Qd1 Rhg8 17. Kh2 Nd8 18. Ng2 Ref8 19. f4 Rh8 20. Ne3 Ndc6 21. Qf3 Qa5
22. Qe2 f6 23. f5 fxe5 24. fxe6 Be8 25. dxe5 g6 26. Rf7 Kb8 27. Rxf8 Rxf8 28.
Rf1 Rg8 29. Ng4 gxh5 30. Nxh6 Rh8 31. Nf7 Rg8 32. Qf2 Qxa3 33. Nh6 Rh8 34. Qf6
Ng6 35. Nf7 Rg8 36. Bf5 Nce7 37. Nd6 Rf8 38. Nxe8 Rxf6 39. exf6 Nxf5 40. Rxf5
Qa4 41. Ng7 Qa3 42. Rg5 Qc5 43. Rxg6 Qf2+ 44. Kh3 1-0

[Event "8th Asian Continental/Individu"]
[Site "Subic Bay Free Port"]
[Date "2009.05.15"]
[Round "3.5"]
[White "Nguyen, Thi Mai Hung"]
[Black "Nadig, Kruttika"]
[Result "1/2-1/2"]
[WhiteElo "2295"]
[BlackElo "2361"]
[PlyCount "67"]
[EventDate "2009.05.13"]

1. d4 Nf6 2. c4 g6 3. Nc3 d5 4. cxd5 Nxd5 5. e4 Nxc3 6. bxc3 c5 7. Bc4 Bg7 8.
Ne2 Nc6 9. Be3 O-O 10. O-O Na5 11. Bd3 b6 12. Qd2 e5 13. d5 Nb7 14. Ba6 Nd6 15.
Bxc8 Qxc8 16. Qd3 f5 17. f3 Qd7 18. a4 fxe4 19. fxe4 Qg4 20. Ng3 h5 21. Bf2 c4
22. Qc2 Rf4 23. h3 Qg5 24. Rfe1 Raf8 25. Nh1 Qe7 26. a5 b5 27. Bc5 Qc7 28. Bf2
a6 29. Bb6 Qe7 30. Ng3 h4 31. Nf1 g5 32. Nh2 Rc8 33. Ng4 Qe8 34. Re2 1/2-1/2

[Event "8th Asian Continental/Individu"]
[Site "Subic Bay Free Port"]
[Date "2009.05.15"]
[Round "3.6"]
[White "Le, Kieu Thien Kim"]
[Black "Zhang, Xiaowen"]
[Result "0-1"]
[WhiteElo "2277"]
[BlackElo "2340"]
[PlyCount "128"]
[EventDate "2009.05.13"]

1. d4 Nf6 2. Nf3 g6 3. Bf4 Bg7 4. e3 d6 5. h3 O-O 6. Be2 Nc6 7. c3 Nd7 8. Na3
e5 9. dxe5 dxe5 10. Bh2 Qe7 11. O-O Nc5 12. Nd2 Rd8 13. Qc2 Bf5 14. Qc1 Rd7 15.
b4 Nd3 16. Bxd3 Bxd3 17. Rd1 e4 18. Nb3 b6 19. Nd4 Nxd4 20. exd4 c5 21. bxc5
bxc5 22. Nc2 Rc8 23. dxc5 Qxc5 24. Nd4 Qxc3 25. Qxc3 Rxc3 26. Nb3 Rd8 27. Rac1
Rdc8 28. Bf4 h6 29. Be3 Bc2 30. Rd7 a6 31. Ra7 Bd3 32. Rxc3 Rxc3 33. Ra8+ Kh7
34. Ra7 Bc4 35. Nc5 Ra3 36. Nxe4 Rxa2 37. Bb6 Ra1+ 38. Kh2 Bd5 39. Ng3 h5 40.
Rd7 Be6 41. Rd2 Bc3 42. Rc2 Be5 43. Re2 Bb8 44. Bd8 Kg7 45. h4 Ra4 46. Re1 Rd4
47. Be7 Bf5 48. Kg1 Bc2 49. Re2 Rd1+ 50. Kh2 Bd3 51. Ra2 Be5 52. Ra4 Ra1 53.
Rxa1 Bxa1 54. Bb4 Kf6 55. f4 Ke6 56. Nh1 Bd4 57. Kg3 Kd5 58. Nf2 Be2 59. Ba5
Be3 60. Nh3 Bg4 61. Ng5 f6 62. Nh7 Bd4 63. Nf8 Bf5 64. Bd8 Bc3 0-1

[Event "8th Asian Continental/Individu"]
[Site "Subic Bay Free Port"]
[Date "2009.05.15"]
[Round "3.8"]
[White "Karavade, Eesha"]
[Black "Mohota, Nisha"]
[Result "1/2-1/2"]
[WhiteElo "2359"]
[BlackElo "2304"]
[PlyCount "64"]
[EventDate "2009.05.13"]

1. d4 Nf6 2. c4 e6 3. Nf3 b6 4. g3 Ba6 5. Nbd2 c5 6. e4 d6 7. Bg2 Bb7 8. Qe2
cxd4 9. Nxd4 Nc6 10. Nxc6 Bxc6 11. b3 Be7 12. Bb2 Qd7 13. O-O O-O 14. Rfe1 Rac8
15. Rad1 Qc7 16. Nb1 a6 17. Nc3 Qb7 18. Nd5 Rfd8 19. Nb4 Ne8 20. Nxc6 Qxc6 21.
e5 Qc7 22. exd6 Bxd6 23. Qg4 Bb4 24. Rf1 a5 25. h4 Be7 26. Rxd8 Rxd8 27. Rd1
Nf6 28. Qe2 Bc5 29. Kf1 h6 30. Bf3 Rxd1+ 31. Qxd1 e5 32. Kg2 e4 1/2-1/2

[Event "8th Asian Continental/Individu"]
[Site "Subic Bay Free Port"]
[Date "2009.05.15"]
[Round "3.9"]
[White "Nguyen, Thi Thanh An"]
[Black "Xu, Tong"]
[Result "1/2-1/2"]
[WhiteElo "2324"]
[BlackElo "2231"]
[PlyCount "138"]
[EventDate "2009.05.13"]

1. d4 Nf6 2. Nf3 g6 3. Bf4 Bg7 4. e3 d6 5. h3 O-O 6. Be2 Nfd7 7. c3 e5 8. dxe5
dxe5 9. Bg3 Qe7 10. O-O Nc6 11. Nbd2 Re8 12. Qc2 Nf8 13. e4 h6 14. Rfe1 Be6 15.
Nc4 f6 16. Ne3 Qf7 17. Bb5 Red8 18. Nd2 Nb8 19. Nb3 c6 20. Be2 Nbd7 21. Rad1 a5
22. f4 a4 23. Nc1 exf4 24. Bxf4 Re8 25. Rd4 a3 26. Nc4 f5 27. e5 Qe7 28. b4
Reb8 29. Bg3 b5 30. Na5 Nxe5 31. Kh1 c5 32. Rdd1 Qg5 33. Bh2 cxb4 34. cxb4 Rc8
35. Qb1 Rab8 36. Nd3 Nxd3 37. Rxd3 Rb6 38. Rxa3 Rc3 39. Rxc3 Bxc3 40. Rd1 f4
41. Bf3 Bf7 42. Nc6 Ra6 43. Qd3 Bb2 44. Qd2 Rxa2 45. Bxf4 Qf6 46. Bxh6 Bc3 47.
Qd3 Ne6 48. Be3 Ra3 49. Qxb5 Bxb4 50. Nxb4 Rxe3 51. Qb8+ Kg7 52. Nd5 Qe5 53.
Qxe5+ Rxe5 54. h4 g5 55. h5 g4 56. Bxg4 Bxh5 57. Bxh5 Rxh5+ 58. Kg1 Re5 59. Kf2
Ng5 60. Ne3 Kg6 61. Rd6+ Re6 62. Rd8 Ne4+ 63. Ke2 Ra6 64. g4 Nf6 65. Kf3 Ra3
66. Kf4 Ra4+ 67. Kf3 Ra3 68. Rd4 Kg5 69. Rf4 Rxe3+ 1/2-1/2

[Event "8th Asian Continental/Individu"]
[Site "Subic Bay Free Port"]
[Date "2009.05.15"]
[Round "3.10"]
[White "Meenakshi, Subbaraman"]
[Black "Dang, Bich Ngoc"]
[Result "1-0"]
[WhiteElo "2303"]
[BlackElo "2185"]
[PlyCount "61"]
[EventDate "2009.05.13"]

1. d4 Nf6 2. c4 c5 3. d5 e6 4. Nc3 exd5 5. cxd5 d6 6. e4 g6 7. f4 Bg7 8. Bb5+
Nfd7 9. Be2 O-O 10. Nf3 Re8 11. O-O Na6 12. h3 Nc7 13. a4 b6 14. Bd2 Nf6 15.
Bd3 Ba6 16. Qe2 Bxd3 17. Qxd3 Rc8 18. b3 Qd7 19. Rad1 Rcd8 20. Rfe1 Qc8 21. Be3
Na6 22. e5 dxe5 23. fxe5 Nd7 24. Bf4 Nb4 25. Qc4 Nc2 26. e6 b5 27. Nxb5 Nb6 28.
exf7+ Kxf7 29. Qxc2 Rxe1+ 30. Rxe1 Kg8 31. d6 1-0

[Event "8th Asian Continental/Individu"]
[Site "Subic Bay Free Port"]
[Date "2009.05.15"]
[Round "3.11"]
[White "Ghader Pour, Shayesteh"]
[Black "Sukandar, Irine Kharisma"]
[Result "1/2-1/2"]
[WhiteElo "2156"]
[BlackElo "2300"]
[PlyCount "99"]
[EventDate "2009.05.13"]

1. e4 e5 2. Nf3 Nc6 3. Bb5 a6 4. Ba4 Nf6 5. O-O Be7 6. Re1 b5 7. Bb3 d6 8. c3
O-O 9. h3 Na5 10. Bc2 c5 11. d4 cxd4 12. cxd4 Qc7 13. Nbd2 Nc6 14. Nb3 a5 15.
Be3 a4 16. Nbd2 Bd7 17. Rc1 Qb7 18. Qe2 Rfe8 19. a3 Bd8 20. Bd3 Rb8 21. d5 Na5
22. Red1 b4 23. Nc4 Nxc4 24. Rxc4 bxa3 25. bxa3 Ba5 26. Bd2 Qa7 27. Be3 Qa8 28.
Nd2 Bb5 29. Rc2 Bxd3 30. Qxd3 Bxd2 31. Bxd2 Rb3 32. Qc4 Rb6 33. Bb4 h6 34. Rdc1
g6 35. Qd3 Reb8 36. Rc6 Ne8 37. Qe3 Rxc6 38. Rxc6 Rc8 39. Qb6 f5 40. Bxd6 Rxc6
41. dxc6 Nxd6 42. c7 Qf8 43. Qxd6 Qxd6 44. c8=Q+ Kg7 45. exf5 Qxa3 46. Qd7+ Kf8
47. Qd8+ Kg7 48. Qd7+ Kf8 49. Qd8+ Kg7 50. Qd7+ 1/2-1/2

[Event "8th Asian Continental/Individu"]
[Site "Subic Bay Free Port"]
[Date "2009.05.15"]
[Round "3.12"]
[White "Bernales, Christy Lamiel"]
[Black "Pourkashiyan, Atousa"]
[Result "0-1"]
[WhiteElo "2041"]
[BlackElo "2273"]
[PlyCount "96"]
[EventDate "2009.05.13"]

1. e4 c5 2. Nc3 e6 3. f4 d5 4. Nf3 Nf6 5. e5 Nfd7 6. Bb5 d4 7. Ne4 a6 8. Be2 b5
9. d3 Bb7 10. O-O Be7 11. Qe1 Nb6 12. Qg3 g6 13. Nfd2 Nd5 14. Nb3 Qb6 15. Kh1
Nd7 16. Bd2 Rc8 17. Na5 Ba8 18. a4 Nb4 19. axb5 axb5 20. Rfc1 c4 21. Bf3 Bd5
22. Nd6+ Bxd6 23. exd6 c3 24. bxc3 dxc3 25. Qh4 O-O 26. Be1 Bxf3 27. gxf3 Qxd6
28. Nb3 Qd5 29. Qf2 e5 30. Ra7 exf4 31. Rxd7 Qxd7 32. Nc5 Qd5 33. Ne4 f5 34.
Nxc3 Rxc3 35. Bxc3 Na2 36. Bb2 Nxc1 37. Bxc1 Qe5 38. d4 Qc7 39. Ba3 Ra8 40. Bc5
Qc6 41. Kg2 Re8 42. Qd2 Re3 43. Qd1 Qd5 44. Kf2 Kf7 45. h3 h6 46. h4 Qd8 47.
Qh1 Rc3 48. Ke2 Rxc2+ 0-1

[Event "8th Asian Continental/Individu"]
[Site "Subic Bay Free Port"]
[Date "2009.05.15"]
[Round "3.14"]
[White "Muminova, Nafisa"]
[Black "Cua, Sherily"]
[Result "1/2-1/2"]
[WhiteElo "2212"]
[BlackElo "2143"]
[PlyCount "176"]
[EventDate "2009.05.13"]

1. e4 e6 2. d4 d5 3. e5 b6 4. Bd3 a5 5. a4 Ba6 6. Ne2 Ne7 7. O-O Qd7 8. b3 Bxd3
9. Qxd3 h5 10. Na3 Na6 11. c3 h4 12. h3 Nf5 13. Nc2 c5 14. Ne3 Ne7 15. Ba3 Qb7
16. f4 g6 17. Ng4 Bg7 18. Qb5+ Qc6 19. Nf6+ Kd8 20. Ng4 Kc7 21. Qd3 Kb7 22. Qd2
Nf5 23. Rfc1 Qd7 24. Kh2 Rhc8 25. Rab1 Bf8 26. Nf6 Qd8 27. dxc5 Nxc5 28. Bxc5
Bxc5 29. Nd4 Nxd4 30. cxd4 Be7 31. Ng4 Rxc1 32. Rxc1 Rc8 33. Nf2 Bb4 34. Qd1
Rxc1 35. Qxc1 Qc7 36. Nd3 Qc3 37. Qxc3 Bxc3 38. g3 Bxd4 39. gxh4 Bc5 40. Kg3
Bf8 41. Kg4 Bh6 42. Kf3 Kc6 43. Ke3 Bf8 44. Ne1 Kd7 45. Nf3 Bc5+ 46. Ke2 Ke7
47. Ne1 f6 48. Nd3 Bd4 49. Kf3 Kf7 50. Kg4 Kg7 51. h5 Kh6 52. hxg6 Kxg6 53.
exf6 Bxf6 54. h4 Kh6 55. b4 axb4 56. Nxb4 Be7 57. Nc6 Bf6 58. Nb4 Be7 59. Nc6
Bf6 60. h5 Kg7 61. Nb4 Be7 62. Nd3 Bf6 63. Nf2 Kf7 64. Kf3 e5 65. fxe5 Bxe5 66.
Nd3 Bd4 67. Nf4 Kf6 68. Nxd5+ Kg5 69. Ke4 Bf2 70. Nf4 Bg3 71. Ne2 Bf2 72. Kf3
Bc5 73. Ng3 Bg1 74. Ke4 Bf2 75. Ne2 Kxh5 76. Kd5 Kg6 77. Kc6 Kf7 78. Nf4 Ke8
79. Ne6 Ke7 80. Nc7 Kd8 81. Kb7 Kd7 82. Nd5 Kd8 83. Nf6 Bd4 84. Ne4 Kd7 85. Nd2
Kd8 86. Nc4 Bg1 87. Nxb6 Bxb6 88. Kxb6 Kc8 1/2-1/2

[Event "8th Asian Continental/Individu"]
[Site "Subic Bay Free Port"]
[Date "2009.05.15"]
[Round "3.15"]
[White "Huang, Qian"]
[Black "Li, Panru"]
[Result "1-0"]
[WhiteElo "2410"]
[BlackElo "2146"]
[PlyCount "97"]
[EventDate "2009.05.13"]

1. d4 d5 2. c4 e6 3. Nc3 Be7 4. Nf3 Nf6 5. Bg5 O-O 6. e3 h6 7. Bh4 b6 8. Rc1
Bb7 9. Be2 Nbd7 10. O-O c5 11. cxd5 Nxd5 12. Bg3 Rc8 13. Nb5 a6 14. Nd6 Bxd6
15. Bxd6 Re8 16. dxc5 Nxc5 17. Bxc5 Rxc5 18. Rxc5 bxc5 19. Qa4 Qe7 20. Rc1 Rc8
21. h3 Qd6 22. a3 Qb6 23. Qc2 Nf6 24. Nd2 Rb8 25. Nc4 Qc7 26. Qa4 Bc6 27. Qc2
Be4 28. Bd3 Bxd3 29. Qxd3 Qb7 30. Rc2 Qd5 31. Qe2 Ne4 32. Qe1 Rb3 33. Qe2 Rd3
34. Rc1 Nd6 35. Nb6 Qb3 36. Nd7 Ne4 37. Nxc5 Nxc5 38. Rxc5 Rd1+ 39. Kh2 Qb8+
40. f4 Rd6 41. Qc2 Rd8 42. b4 Rf8 43. Qc4 Qb6 44. Qc3 Rd8 45. Rc8 Kh7 46. Rxd8
Qxd8 47. a4 Qd7 48. Qb3 Qc7 49. Qd3+ 1-0